| 000 | 00558nam a22001937a 4500 | ||
|---|---|---|---|
| 003 | dpl | ||
| 005 | 20180705172444.0 | ||
| 008 | 180705b xxu||||| |||| 00| 0 eng d | ||
| 020 |
_a8186436340 _c700.00 |
||
| 035 | _aB-109003 | ||
| 040 |
_aDPL _bEN _c0 |
||
| 082 | _a954.4201 | ||
| 100 | _aBhati, Hari Singh | ||
| 245 |
_aAnnals of Jaisalmer _bA pre-medieval history _cby Hari Singh Bhati |
||
| 260 |
_aBikaner _bKavi Prakashan _c2002 |
||
| 300 |
_a485p; _c23cm. |
||
| 500 | _aincludin appendix, index | ||
| 942 |
_2ddc _cEN _h954.4201 _mBHA |
||
| 999 |
_c153476 _d153476 |
||